000 00720cam a2200229 4500
001 J2019
008 090401t1993 xxu||||| |||| 00| 0 eng d
035 _a(Sirsi) u46781
041 _aeng
050 _a692.8
090 _aJCT 1993/4A
110 _aJoint Contracts Tribunal
_93664
245 _aIntermediate Form of Building Contract 1984 edition: fluctuation clauses: summary of amendments issued March 1993.
260 _aLondon
_bRIBA Publications Ltd
_c1993
300 _a1 sheet ; 30cm.
350 _a0
650 _aFLUCTUATION CLAUSES
650 _aJCT INTERMEDIATE FORM OF BUILDING CONTRACT (1984 EDITION)
690 _aBUILT ENVIRONMENT-BUILDING CONTRACT FORMS
942 _n0
948 _c04/03/1997
999 _c92001
_d92001